|
|
|
|
| LEADER |
00000cam a2200000 a 4500 |
| 001 |
vtls010482703 |
| 003 |
SK-MaSNL |
| 005 |
20260301053041.0 |
| 008 |
160430s2013 xo f u 000 0 slo |
| 015 |
|
|
|a SNBN2013
|
| 020 |
|
|
|c (cen. skup. 3)
|
| 040 |
|
|
|a SNK
|b slo
|c SNK
|e AACR2
|
| 041 |
0 |
|
|a slo
|
| 044 |
|
|
|a xo
|c SK
|
| 046 |
|
|
|a s
|m 201301 (účin.)
|
| 072 |
|
7 |
|a 621.3
|x Elektrotechnika
|2 konspekt
|
| 072 |
|
7 |
|a 699.8
|x Ochrana budov
|2 konspekt
|
| 080 |
|
|
|a 621.311.1
|2 2001
|
| 080 |
|
|
|a 006.7/.8
|2 2001
|
| 080 |
|
|
|a (437.6)
|2 2001
|
| 080 |
|
|
|a (4)
|2 2001
|
| 080 |
|
|
|a 699.81
|2 2001
|
| 084 |
|
|
|a 13.220.20
|2 ICS
|
| 084 |
|
|
|a 29.120.60
|2 ICS
|
| 084 |
|
|
|a 29.240.20
|2 ICS
|
| 084 |
|
|
|a 33.060.40
|2 ICS
|
| 245 |
0 |
0 |
|a STN 92 1101-2: 2013, Výrobky na rozvod elektrickej energie, riadenie a komunikáciu na účely protipožiarnej bezpečnosti stavieb
|n Časť 2
|p Nízkonapäťové rozvádzače
|
| 246 |
1 |
0 |
|a Výrobky na rozvod elektrickej energie, riadenie a komunikáciu na účely protipožiarnej bezpečnosti stavieb
|
| 246 |
1 |
0 |
|a Nízkonapäťové rozvádzače
|
| 260 |
|
|
|a Bratislava
|b Slovenský ústav technickej normalizácie
|c 2013
|
| 300 |
|
|
|a 8 s.
|c 30 cm
|
| 500 |
|
|
|a Súbežný názov v angličtine, francúzštine, nemčine
|
| 500 |
|
|
|a Spracovateľ: Asociácia pasívnej požiarnej ochrany Slovenskej republiky Banská Bytrica, František Gilian
|
| 504 |
|
|
|a Citované normy, súvisiace právne predpisy s. 2 ; literatúra s. 8
|
| 540 |
|
|
|a STN vydané na akomkoľvek nosiči sa môžu rozmnožovať a rozširovať iba so súhlasom určenej právnickej osoby
|b SÚTN Bratislava
|c zákon 264/1999 Z. z.
|
| 650 |
0 |
7 |
|a elektrické rozvody
|2 SNKPH
|9 67472
|
| 650 |
0 |
7 |
|a technické normy a štandardy
|z Slovensko
|2 SNKPH
|9 79594
|
| 650 |
0 |
7 |
|a požiarna bezpečnosť stavieb
|2 SNKPH
|9 69570
|
| 650 |
0 |
7 |
|a Fireproof building
|2 SNKPHeng
|9 314726
|
| 655 |
|
7 |
|a normy
|2 SNKPH
|9 70643
|
| 700 |
1 |
|
|a Gilian, František
|4 aut
|9 326366
|
| 710 |
2 |
|
|a Asociácia pasívnej požiarnej ochrany Slovenskej republiky (Banská Bystrica, Slovensko)
|4 aut
|9 168245
|
| 710 |
2 |
|
|a Slovenský ústav technickej normalizácie (Bratislava, Slovensko)
|b Technická komisia č. 17 Bezpečnosť a ochrana pred požiarom
|4 stn
|9 306760
|
| 774 |
1 |
8 |
|t STN 92 1101-2/Z1: 2016
|d Bratislava : Úrad pre normalizáciu, metrológiu a skúšobníctvo SR, 2016
|w vtls011596867
|
| 852 |
|
|
|a Štátna vedecká knižnica v Banskej Bystrici
|
| 958 |
|
|
|a NB
|
| 999 |
|
|
|c 607321
|d 609251
|
| 952 |
|
|
|a SNK
|b SNK
|y PREZ
|7 0
|p 17A1065031
|o snkSTN 92 1101-2
|i snk2013/5544
|8 0
|0 0
|1 0
|4 0
|d 2013-03-11
|l 0
|r 2026-02-23 16:12:58
|w 2026-02-23
|
| 952 |
|
|
|a SNK
|b SNK
|y PREZ
|7 0
|p 17A1065032
|o snkSTN 92 1101-2 D1
|i snk2013/5545
|8 0
|0 0
|1 0
|4 0
|d 2013-03-11
|l 0
|r 2026-02-23 16:12:58
|w 2026-02-23
|